Broadway Musicals by Iconic Song - Statistics

General Stats
  • This quiz has been taken 910 times
  • The average score is 11 of 15
Answer Stats
Song Musical % Correct
Defying Gravity Wicked
98%
Supercalifragilisticexpialadocious Mary Poppins
94%
Cell Block Tango Chicago
93%
The Room Where It Happens Hamilton
91%
Good Morning Baltimore Hairspray
87%
Tomorrow Annie
86%
Summer Nights Grease
83%
Seasons of Love Rent
82%
Maria West Side Story
76%
You Will be Found Dear Evan Hansen
73%
One Day More Les Misérables
71%
Hello! Book of Mormon
53%
Maybe This Time Cabaret
45%
There's a Fine, Fine Line Avenue Q
27%
Gimme Gimme Thoroughly Modern Millie
24%
No matching quizzes found
Score Distribution
Percent of People with Each Score
Percentile by Number Answered
Your Score History
You have not taken this quiz